Effect of drought stress on early photo period insensitive rice at flowering stage to maturity, ឥទិ្ធពលនៃការរាំងស្ងួតទៅលើស្រូវស្រាលមិនប្រកាន់រដូវនៅដំណាក់កាលចេញផ្កាដល់ទុំ (Record no. 1435)
[ view plain ]
| 000 -LEADER | |
|---|---|
| fixed length control field | 00683nam a22001577a 4500 |
| 003 - CONTROL NUMBER IDENTIFIER | |
| control field | OSt |
| 005 - DATE AND TIME OF LATEST TRANSACTION | |
| control field | 20150928181855.0 |
| 008 - FIXED-LENGTH DATA ELEMENTS--GENERAL INFORMATION | |
| fixed length control field | 150928b xxu||||| |||| 00| 0 eng d |
| 040 ## - CATALOGING SOURCE | |
| Transcribing agency | RUA |
| 082 ## - DEWEY DECIMAL CLASSIFICATION NUMBER | |
| Classification number | ATM.Sp NOU 2003 B059 Or.1 |
| 100 ## - MAIN ENTRY--PERSONAL NAME | |
| 9 (RLIN) | 1526 |
| Personal name | NOU, PRANETH. |
| 245 ## - TITLE STATEMENT | |
| Title | Effect of drought stress on early photo period insensitive rice at flowering stage to maturity, ឥទិ្ធពលនៃការរាំងស្ងួតទៅលើស្រូវស្រាលមិនប្រកាន់រដូវនៅដំណាក់កាលចេញផ្កាដល់ទុំ |
| 260 ## - PUBLICATION, DISTRIBUTION, ETC. (IMPRINT) | |
| Place of publication, distribution, etc. | Phnom Penh |
| Name of publisher, distributor, etc. | RUA |
| Date of publication, distribution, etc. | 2003 |
| 300 ## - PHYSICAL DESCRIPTION | |
| Extent | 50p. |
| Other physical details | ill. |
| Dimensions | 29cm. |
| 942 ## - ADDED ENTRY ELEMENTS (KOHA) | |
| Source of classification or shelving scheme | |
| Koha item type | ATM.s |
| Price effective from | Date last seen | Permanent Location | Not for loan | Date acquired | Source of classification or shelving scheme | Koha item type | Lost status | Withdrawn status | Date last checked out | Total Checkouts | Shelving location | Damaged status | Barcode | Current Location | Full call number |
|---|---|---|---|---|---|---|---|---|---|---|---|---|---|---|---|
| 2015-09-28 | 2015-09-28 | Library Block B | 2015-09-28 | ATM.s | B059 | RUA004369 | Library Block B | ATM.Sp NOU 2003 B059 Or.1 | |||||||
| 2015-09-28 | 2023-07-03 | Library Block B | 2015-09-28 | ATM.s | 2023-06-20 | 2 | B059 | RUA004371 | Library Block B | ATM.Sp NOU 2003 B059 Or.2 | |||||
| 2015-09-28 | 2015-09-28 | Library Block B | 2015-09-28 | ATM.s | B059 | RUA004372 | Library Block B | ATM.Sp NOU 2003 B059 Or.3 | |||||||
| 2015-09-28 | 2015-09-28 | Library Block B | 2015-09-28 | ATM.s | B059 | RUA004462 | Library Block B | ATM.Sp NOU 2003 B059 Or.4 | |||||||
| 2015-09-28 | 2015-09-28 | Library Block B | 2015-09-28 | ATM.s | B059 | RUA008444 | Library Block B | ATM.Sp NOU 2003 B059 Or.5 |